Learning Resource and Development

Service quality management in hospitality and tourism / (Record no. 30955)

MARC details
000 -LEADER
fixed length control field 04653nam a2200301 i 4500
003 - CONTROL NUMBER IDENTIFIER
control field CSPC
005 - DATE AND TIME OF LATEST TRANSACTION
control field 20251201102550.0
008 - FIXED-LENGTH DATA ELEMENTS--GENERAL INFORMATION
fixed length control field 251129s2024 nyua b 001 0 eng d
020 ## - INTERNATIONAL STANDARD BOOK NUMBER
International Standard Book Number 9781682508930
040 ## - CATALOGING SOURCE
Original cataloging agency CSPC
Language of cataloging eng
Transcribing agency CSPC
Description conventions rda
050 00 - LIBRARY OF CONGRESS CALL NUMBER
Classification number TX911.3.M27
082 00 - DEWEY DECIMAL CLASSIFICATION NUMBER
Classification number 647.940685
Item number Se692
245 00 - TITLE STATEMENT
Title Service quality management in hospitality and tourism /
Statement of responsibility, etc. edited by Michou Hanelt.
264 #1 - PRODUCTION, PUBLICATION, DISTRIBUTION, MANUFACTURE, AND COPYRIGHT NOTICE
Place of production, publication, distribution, manufacture New York, NY :
Name of producer, publisher, distributor, manufacturer Magnum Publishing,
Date of production, publication, distribution, manufacture, or copyright notice 2024.
300 ## - PHYSICAL DESCRIPTION
Extent xiii, 294 pages :
Other physical details illustrations ;
Dimensions 24 cm.
336 ## - CONTENT TYPE
Source rdacontent
Content type term text
337 ## - MEDIA TYPE
Source rdamedia
Media type term unmediated
338 ## - CARRIER TYPE
Source rdacarrier
Carrier type term volume
504 ## - BIBLIOGRAPHY, ETC. NOTE
Bibliography, etc. note Includes bibliographical references and index.
505 0# - FORMATTED CONTENTS NOTE
Formatted contents note Service quality in hospitality industry -- Service marketing -- Role of the service encounter in tourism, hospitality, and leisure services -- Service quality and customer satisfaction in hotel industry -- Impact of gender on customer satisfaction in hotel industry -- Managing service failure through recovery -- Empowering service personnel to deliver quality service -- Cultural diversity in a workplace -- Service guarantee: an organization's blueprint for assisting the delivery of superior service.
520 ## - SUMMARY, ETC.
Summary, etc. "In today's business landscape, the pursuit of profit maximization has become a central goal for nearly every firm. To achieve this, companies seek to increase productivity and sales figures by attracting more customers. The prevailing belief is that more customers equate to more sales, leading to greater profits and a larger market share. While this approach may seem logical, a wiser strategy lies in focusing on retaining existing customers rather than solely acquiring new ones. By doing so, companies can reduce marketing and advertising expenses and cultivate customer loyalty, which ultimately contributes to sustained growth and profitability. In the hospitality industry, profit maximization is also a primary objective. This multifaceted sector operates on a large scale, dealing with billions of dollars, and recognizes that service quality plays a pivotal role in enhancing profit margins by satisfying customers. The underlying concept is to align service offerings with customer expectations and, where possible, exceed those expectations to gain a competitive advantage over rivals. By providing strong service quality, hospitality businesses can not only boost revenue and minimize financial losses but also create a positive environment for both guests and staff, fostering a sense of "home away from home. "The expectations of customers in the hospitality, tourism, and leisure sectors have risen significantly. Today, consumers demand a high overall level of service, leading to intense competition based on strategies that emphasize service quality to add value, rather than relying solely on product or price differentiation.<br/>In response to this changing landscape, the book focuses on enhancing the delivery of hospitality services and offers clear and straightforward explanations of theoretical concepts and their practical applications. For both practitioners and educators, this knowledge is invaluable for improving their businesses and preparing students for the demands of the modern business world.<br/>By adopting Service Quality Management, companies can gain a competitive edge in a fast-changing industry. Understanding and implementing these theoretical concepts and methods will allow businesses to meet and exceed customer expectations, leading to higher levels of satisfaction and loyalty. Satisfied customers are more likely to remain loyal to a brand, make repeat purchases, and recommend the business to others, creating a positive cycle that further reinforces the company's profitability. While profit maximization has been a dominant goal for many businesses, the hospitality industry has come to recognize the significance of service quality in achieving this objective. By focusing on retaining existing customers and exceeding their expectations, companies can create a loyal customer base, reduce marketing expenses, and foster a positive work environment. Implementing Service Quality Management principles can provide businesses with a competitive advantage in a highly demanding market, leading to sustained growth and profitability." -- Back cover
650 #0 - SUBJECT ADDED ENTRY--TOPICAL TERM
Topical term or geographic name entry element Quality assurance.
650 #0 - SUBJECT ADDED ENTRY--TOPICAL TERM
Topical term or geographic name entry element Hospitality industry
General subdivision Management.
650 #0 - SUBJECT ADDED ENTRY--TOPICAL TERM
Topical term or geographic name entry element Hospitality industry
Form subdivision Quality control.
700 1# - ADDED ENTRY--PERSONAL NAME
Personal name Hanelt, Michou,
Relator term editor.
942 ## - ADDED ENTRY ELEMENTS (KOHA)
Source of classification or shelving scheme Dewey Decimal Classification
Suppress in OPAC No
Koha item type Books
Classification part 647.940685
Item part Se692
Call number prefix CIR
Call number suffix 2024
Holdings
Withdrawn status Lost status Source of classification or shelving scheme Damaged status Not for loan Home library Current library Shelving location Date acquired Total Checkouts Full call number Barcode Date last seen Copy number Price effective from Koha item type
    Dewey Decimal Classification     Main Library Main Library Circulation Section 11/29/2025   CIR 647.940685 Se692 2024 030700 11/29/2025 1-1 11/29/2025 Books